000 nam a22 7a 4500
999 _c9813
_d9813
008 180208b ||||| |||| 00| 0 eng d
100 _aSherer,M.A.
_95905
245 _aRadiation Protection
260 _aChina
_bElserier
_c2006